[Event "Paris-ch op-A"]
[Site "Paris"]
[Date "2010.07.06"]
[Round "4"]
[White "Ribaud Chevrey, Philippe"]
[Black "Cozette, Michael"]
[Result "1-0"]
[WhiteElo "2126"]
[BlackElo "1981"]
[PlyCount "127"]
[EventDate "2010.07.03"]
[EventType "swiss"]
[EventRounds "9"]
[EventCountry "FRA"]
[SourceTitle "CBM 137 Extra"]
[Source "ChessBase"]
[SourceDate "2010.09.01"]
[SourceVersion "1"]
[SourceVersionDate "2010.09.01"]
[SourceQuality "1"]

1. Nc3 d5 2. e4 dxe4 3. Nxe4 e5 4. Bc4 Be7 5. Qh5 g6 6. Qxe5 f6 7. Qc3 Nc6 8. a3 Qd4 9. d3 Bf5 10. Be3 Qxc3+ 11. Nxc3 Ne5 12. Bb3 c6 13. h3 h5 14. Nge2 Nh6 15. Nd4 g5 16. Ne6 Kd7 17. Nd4 Bg6 18. f4 Nef7 19. Be6+ Kc7 20. Ne4 Nd6 21. Nxd6 Kxd6 22. Bb3 c5 23. Ne2 Nf5 24. Bf2 a6 25. a4 Rae8 26. fxg5 fxg5 27. 0-0-0 Bf6 28. Ng3 Nxg3 29. Bxg3+ Kd7 30. Rhf1 Bd4 31. c3 Be5 32. Bxe5 Rxe5 33. d4 cxd4 34. Rxd4+ Kc8 35. Bd5 Rhe8 36. Bf3 R8e7 37. Rfd1 Kc7 38. Rc4+ Kb8 39. Rcd4 Kc7 40. Rd5 Kc8 41. Rxe5 Rxe5 42. Rd5 Rxd5 43. Bxd5 b6 44. Kd2 Kc7 45. Ke3 Kd6 46. Kd4 Be8 47. a5 bxa5 48. c4 Bd7 49. c5+ Kc7 50. Bf7 Bc6 51. Bd5 Bd7 52. Ke5 Be8 53. Kf6 Bc6 54. Bxc6 Kxc6 55. Kxg5 Kxc5 56. g4 hxg4 57. Kxg4 Kb4 58. h4 Kb3 59. h5 Kxb2 60. h6 a4 61. h7 a3 62. h8Q+ Kb1 63. Qb8+ Kc2 64. Qc7+ 1-0

[Event "La Fere op 8th"]
[Site "La Fere"]
[Date "2009.07.09"]
[Round "7"]
[White "Cozette, Michael"]
[Black "Siauve, Julien"]
[Result "1-0"]
[WhiteElo "2020"]
[BlackElo "1678"]
[PlyCount "67"]
[EventDate "2009.07.04"]
[EventType "swiss"]
[EventRounds "9"]
[EventCountry "FRA"]
[SourceTitle "CBM 131 Extra"]
[Source "ChessBase"]
[SourceDate "2009.09.03"]
[SourceVersion "2"]
[SourceVersionDate "2009.09.16"]
[SourceQuality "1"]

1. Nf3 Nf6 2. d4 g6 3. c4 Bg7 4. g3 0-0 5. Bg2 d6 6. 0-0 Nbd7 7. Nc3 Re8 8. e4 e5 9. Re1 Rb8 10. b3 a6 11. Bb2 b5 12. cxb5 axb5 13. Rc1 exd4 14. Nxd4 Bb7 15. f3 b4 16. Na4 Ba8 17. Qc2 c5 18. Ne2 Bc6 19. Rcd1 Bxa4 20. bxa4 Bf8 21. Nf4 Qc7 22. Bf1 g5 23. Nd5 Nxd5 24. Rxd5 h6 25. f4 f6 26. Bc4 Kg7 27. h4 gxh4 28. gxh4 Nb6 29. Rf5 Be7 30. e5 Rf8 31. exf6+ Bxf6 32. Rxf6 Rxf6 33. Qg2+ Kf8 34. Qg8# 1-0

[Event "La Fere op 8th"]
[Site "La Fere"]
[Date "2009.07.06"]
[Round "3"]
[White "Rouffignac, Tanguy"]
[Black "Cozette, Michael"]
[Result "1-0"]
[WhiteElo "1740"]
[BlackElo "2020"]
[PlyCount "113"]
[EventDate "2009.07.04"]
[EventType "swiss"]
[EventRounds "9"]
[EventCountry "FRA"]
[SourceTitle "CBM 131 Extra"]
[Source "ChessBase"]
[SourceDate "2009.09.03"]
[SourceVersion "2"]
[SourceVersionDate "2009.09.16"]
[SourceQuality "1"]

1. e4 c5 2. Nf3 d6 3. d4 cxd4 4. Nxd4 Nf6 5. Nc3 a6 6. Be2 e5 7. Nb3 Be7 8. Bg5 Be6 9. Bxf6 Bxf6 10. Qd3 Nc6 11. 0-0-0 Be7 12. Kb1 Rc8 13. g3 b5 14. f4 b4 15. Nd5 Bxd5 16. exd5 Nb8 17. fxe5 dxe5 18. Bg4 Nd7 19. Qxa6 0-0 20. d6 Bg5 21. h4 Bh6 22. Bxd7 Qxd7 23. Qa5 Qf5 24. Na1 b3 25. axb3 Ra8 26. Qd5 Qd7 27. c4 Qa7 28. d7 Qxa1+ 29. Kc2 Bc1 30. Rxc1 Qa7 31. Rcd1 Qf2+ 32. Rd2 Qf5+ 33. Rd3 Rad8 34. Rhd1 h6 35. c5 Qf2+ 36. R1d2 Qe1 37. Rd1 Qf2+ 38. Kc3 e4 39. Qxe4 Qxc5+ 40. Qc4 Qe5+ 41. Kc2 Qf5 42. Qd5 Qf2+ 43. R1d2 Qb6 44. Qd6 Qb5 45. Kc3 Qa5+ 46. b4 Qa1 47. b5 Qa5+ 48. Kc4 Qa2+ 49. b3 Qa8 50. b4 Qe4+ 51. Rd4 Qb1 52. b6 Qc1+ 53. Kb5 Qf1+ 54. R2d3 f5 55. b7 Qc1 56. Rc4 Qf1 57. Rc8 1-0

[Event "La Fere op 8th"]
[Site "La Fere"]
[Date "2009.07.04"]
[Round "1"]
[White "Konguvel, Ponnuswamy"]
[Black "Cozette, Michael"]
[Result "1-0"]
[WhiteElo "2419"]
[BlackElo "2020"]
[PlyCount "79"]
[EventDate "2009.07.04"]
[EventType "swiss"]
[EventRounds "9"]
[EventCountry "FRA"]
[SourceTitle "CBM 131 Extra"]
[Source "ChessBase"]
[SourceDate "2009.09.03"]
[SourceVersion "2"]
[SourceVersionDate "2009.09.16"]
[SourceQuality "1"]

1. e4 c5 2. Nf3 d6 3. d4 cxd4 4. Nxd4 Nf6 5. Nc3 a6 6. Bc4 e6 7. Bb3 b5 8. 0-0 Be7 9. Qf3 Qc7 10. Qg3 0-0 11. Bh6 Ne8 12. Rad1 Nc6 13. Nd5 Nxd4 14. Nxe7+ Qxe7 15. Rxd4 Qf6 16. Be3 Bb7 17. f3 Kh8 18. Rfd1 e5 19. Bg5 Qg6 20. Be7 Qxg3 21. hxg3 exd4 22. Bxf8 d5 23. e5 a5 24. a4 bxa4 25. Bxa4 Nc7 26. Bc5 Ne6 27. Bxd4 Kg8 28. Kf2 h5 29. f4 g6 30. c3 Ba6 31. Be3 Rb8 32. Rd2 Bb5 33. Bd1 Bc6 34. g4 hxg4 35. Bxg4 Ng7 36. Bf3 Nf5 37. Bc5 Rb5 38. b4 axb4 39. cxb4 Rb8 40. Bxd5 1-0

[Event "La Fere op 7th"]
[Site "La Fere"]
[Date "2008.07.11"]
[Round "8"]
[White "Jimenez, Martin"]
[Black "Cozette, Michael"]
[Result "0-1"]
[WhiteElo "1750"]
[BlackElo "2026"]
[PlyCount "106"]
[EventDate "2008.07.05"]
[EventType "swiss"]
[EventRounds "9"]
[EventCountry "FRA"]
[SourceTitle "CBM 125 Extra"]
[Source "ChessBase"]
[SourceDate "2008.09.01"]
[SourceVersion "1"]
[SourceVersionDate "2008.09.01"]
[SourceQuality "1"]

1. d4 c5 2. d5 Nf6 3. c4 g6 4. Nc3 Bg7 5. e4 d6 6. Bd3 0-0 7. Nf3 e6 8. 0-0 exd5 9. cxd5 Re8 10. Bg5 Bg4 11. h3 Bxf3 12. Qxf3 Nbd7 13. Qg3 h6 14. Bf4 Nh5 15. Qe3 Nxf4 16. Qxf4 Ne5 17. Bc2 b5 18. Rab1 b4 19. Nd1 Nc4 20. Bd3 Ne5 21. Bb5 Re7 22. Ne3 a6 23. Ba4 Nd3 24. Qf3 Nxb2 25. Bc2 c4 26. Qe2 Qc7 27. Rfc1 c3 28. Bb3 Qb6 29. Nc4 Nxc4 30. Bxc4 Rc7 31. a3 a5 32. Rb3 Qd4 33. Bd3 Rb7 34. axb4 axb4 35. Rcb1 Re8 36. Kf1 f5 37. f3 fxe4 38. Bxe4 g5 39. Qd3 Qxd3+ 40. Bxd3 Reb8 41. Ke2 Bd4 42. Be4 Bc5 43. Ra1 Kg7 44. Kd1 Kf6 45. Ke2 Ke5 46. g3 Kd4 47. g4 Ra7 48. Rab1 Ra2+ 49. Ke1 Rh2 50. Kf1 Kc4 51. h4 Ra8 52. hxg5 hxg5 53. Ke1 Raa2 0-1

[Event "La Fere op 7th"]
[Site "La Fere"]
[Date "2008.07.06"]
[Round "3"]
[White "Cozette, Michael"]
[Black "Lauridsen, Jesper Morch"]
[Result "0-1"]
[WhiteElo "2026"]
[BlackElo "2262"]
[PlyCount "74"]
[EventDate "2008.07.05"]
[EventType "swiss"]
[EventRounds "9"]
[EventCountry "FRA"]
[SourceTitle "CBM 125 Extra"]
[Source "ChessBase"]
[SourceDate "2008.09.01"]
[SourceVersion "1"]
[SourceVersionDate "2008.09.01"]
[SourceQuality "1"]

1. e4 c5 2. c3 e6 3. d4 d5 4. exd5 exd5 5. Nf3 Nc6 6. Bd3 c4 7. Be2 Nf6 8. 0-0 Be7 9. Re1 0-0 10. Nbd2 Bf5 11. Nh4 Be6 12. g3 Re8 13. Ng2 b5 14. Nf4 Bf5 15. a3 Qd7 16. Nf1 Bd6 17. Ng2 Na5 18. Bf4 Nb3 19. Ra2 Bxf4 20. Nxf4 a5 21. Ne3 Be4 22. Bf3 a4 23. Bxe4 Rxe4 24. Ne2 Rae8 25. Nc1 Qh3 26. Qf3 Ng4 27. Qg2 Qxg2+ 28. Kxg2 Nxe3+ 29. fxe3 Rxe3 30. Rxe3 Rxe3 31. Nxb3 cxb3 32. Ra1 Re2+ 33. Kf3 Rxb2 34. Re1 Kf8 35. Re5 Rc2 36. Rxd5 Rxc3+ 37. Ke4 b2 0-1

[Event "La Fere op 6th"]
[Site "La Fere"]
[Date "2007.07.09"]
[Round "4"]
[White "Rigolot, Lucie"]
[Black "Cozette, Michael"]
[Result "0-1"]
[WhiteElo "1677"]
[BlackElo "2004"]
[PlyCount "134"]
[EventDate "2007.07.07"]
[EventType "swiss"]
[EventRounds "9"]
[EventCountry "FRA"]
[SourceTitle "CBM 119 Extra"]
[Source "ChessBase"]
[SourceDate "2007.09.04"]
[SourceVersion "1"]
[SourceVersionDate "2007.09.04"]
[SourceQuality "1"]

1. e4 c5 2. Nf3 d6 3. d4 cxd4 4. Nxd4 Nf6 5. Nc3 a6 6. Bc4 e6 7. 0-0 b5 8. Bb3 Be7 9. Re1 0-0 10. Bg5 Qc7 11. f4 Nc6 12. Nxc6 Qxc6 13. e5 dxe5 14. fxe5 Bb7 15. Qe2 Bc5+ 16. Kh1 Nd7 17. Qg4 Bd4 18. Bh6 Qxg2+ 19. Qxg2 Bxg2+ 20. Kxg2 gxh6 21. Rad1 Bxc3 22. bxc3 Nb6 23. Kf2 a5 24. a3 a4 25. Ba2 Rfd8 26. Rd3 Rac8 27. Red1 Rxd3 28. Rxd3 Rc5 29. Rg3+ Kf8 30. Rh3 Nd7 31. Ke2 Rxe5+ 32. Kd2 Rc5 33. Rxh6 Kg7 34. Rh3 Ne5 35. Rg3+ Kf6 36. Rh3 h5 37. Re3 h4 38. Rh3 Kg5 39. Ke2 Ng6 40. Kd2 Nf4 41. Re3 Kf5 42. Rf3 Rc6 43. Bb1 Kg4 44. Re3 Rd6+ 45. Kc1 f6 46. Ba2 Rc6 47. Kb2 Kf5 48. Bb1 Rd6 49. Kc1 e5 50. Ba2 Rc6 51. Kb2 e4 52. Bg8 Ke5 53. Bh7 f5 54. Bg8 Rc8 55. Ba2 Rc7 56. Bg8 Ng6 57. Ba2 f4 58. Re2 f3 59. Rf2 Kf4 60. c4 e3 61. Rf1 bxc4 62. Kc3 e2 63. Re1 Ke3 64. h3 f2 65. Rc1 e1Q+ 66. Rxe1+ fxe1Q+ 67. Kb2 c3# 0-1

[Event "La Fere op 5th"]
[Site "La Fere"]
[Date "2006.07.14"]
[Round "9"]
[White "Cozette, Michael"]
[Black "Olarasu, Gabriela"]
[Result "0-1"]
[WhiteElo "1997"]
[BlackElo "2222"]
[PlyCount "88"]
[EventDate "2006.07.08"]
[EventType "swiss"]
[EventRounds "9"]
[EventCountry "FRA"]
[SourceTitle "CBM 113 Extra"]
[Source "ChessBase"]
[SourceDate "2006.09.14"]
[SourceVersion "1"]
[SourceVersionDate "2006.09.14"]
[SourceQuality "1"]

1. e4 e5 2. Nf3 d6 3. d4 exd4 4. Nxd4 Nf6 5. Nc3 Be7 6. Bc4 0-0 7. Bf4 Re8 8. 0-0 Bf8 9. Re1 c6 10. a4 a5 11. Qd2 Nbd7 12. Rad1 Ne5 13. Bb3 Ng6 14. Bg5 h6 15. Bf4 Nxf4 16. Qxf4 Qe7 17. h3 Qe5 18. Qe3 Qc5 19. f4 d5 20. e5 Nh7 21. f5 Qe7 22. f6 Nxf6 23. Rd3 Nd7 24. Nf3 Nc5 25. Rd2 Ne6 26. Kh1 Qc5 27. Qe2 Nf4 28. Qf1 Ng6 29. Rf2 Be6 30. Nb1 Qb6 31. Nbd2 Bc5 32. Rfe2 Nf4 33. c3 Nxe2 34. Qxe2 Qa6 35. Qd1 b5 36. Bc2 bxa4 37. Bxa4 Rab8 38. Nb3 Ba7 39. Nbd4 Bxd4 40. Nxd4 Rxb2 41. Bxc6 Reb8 42. Qf3 Rb1 43. Rxb1 Rxb1+ 44. Kh2 Qf1 0-1

[Event "La Fere op 5th"]
[Site "La Fere"]
[Date "2006.07.13"]
[Round "8"]
[White "Lepot, Simon"]
[Black "Cozette, Michael"]
[Result "0-1"]
[WhiteElo "1880"]
[BlackElo "1997"]
[PlyCount "68"]
[EventDate "2006.07.08"]
[EventType "swiss"]
[EventRounds "9"]
[EventCountry "FRA"]
[SourceTitle "CBM 113 Extra"]
[Source "ChessBase"]
[SourceDate "2006.09.14"]
[SourceVersion "1"]
[SourceVersionDate "2006.09.14"]
[SourceQuality "1"]

1. e4 c5 2. Nf3 d6 3. d4 cxd4 4. Nxd4 Nf6 5. Nc3 a6 6. Bc4 e6 7. Bb3 b5 8. 0-0 Be7 9. a3 0-0 10. Kh1 Qc7 11. f4 Nc6 12. Be3 Na5 13. Qe2 Nxb3 14. cxb3 Bb7 15. Rac1 Qb8 16. Bg1 d5 17. exd5 Nxd5 18. f5 Nf4 19. Rxf4 Qxf4 20. Rf1 Qh4 21. fxe6 fxe6 22. Rxf8+ Rxf8 23. Qxe6+ Kh8 24. Nd5 Bxd5 25. Qxd5 Rd8 26. Qf7 Qf6 27. Qh5 g6 28. Qe2 Rxd4 29. Bxd4 Qxd4 30. g3 Qd5+ 31. Kg1 Bc5+ 32. Kf1 Qf5+ 33. Kg2 Qd5+ 34. Kf1 Qh1# 0-1

[Event "FRA-chT3 Gr8 0203"]
[Site "France"]
[Date "2003.04.05"]
[Round "8"]
[White "Cozette, Michael"]
[Black "Bosch, Joachim"]
[Result "1/2-1/2"]
[WhiteElo "1960"]
[BlackElo "1840"]
[PlyCount "47"]
[EventDate "2002.10.??"]
[EventType "team"]
[EventRounds "9"]
[EventCountry "FRA"]
[SourceTitle "EXT 2005"]
[Source "ChessBase"]
[SourceDate "2004.11.15"]
[SourceVersion "1"]
[SourceVersionDate "2004.11.15"]
[SourceQuality "1"]

1. e4 c5 2. c3 d5 3. exd5 Qxd5 4. d4 e6 5. Nf3 Nf6 6. Be2 Nc6 7. 0-0 Be7 8. h3 cxd4 9. cxd4 0-0 10. Nc3 Qd7 11. Ne5 Nxe5 12. dxe5 Nd5 13. Nxd5 Qxd5 14. Bf4 Qe4 15. Bg3 Qb4 16. Qb3 Qxb3 17. axb3 Bd7 18. Bf3 Bc6 19. Bxc6 bxc6 20. Ra6 c5 21. Rfa1 Rfb8 22. Rxa7 Rxa7 23. Rxa7 Bf8 24. Bf4 1/2-1/2